تحميل...
भूमिजा
| المؤلف الرئيسي: | |
|---|---|
| مؤلفون آخرون: | |
| التنسيق: | Printed Book |
| منشور في: |
New Delhi:
Radhakrishna,
2006
|
| الموضوعات: |
| LEADER | 00531nam a22001577a 4500 | ||
|---|---|---|---|
| 020 | |a 8171191029 | ||
| 082 | |a H891.431 |b NAG/B | ||
| 100 | |a नागार्जुन | ||
| 245 | |a भूमिजा | ||
| 260 | |a New Delhi: |b Radhakrishna, |c 2006 | ||
| 300 | |a 112p. | ||
| 650 | |a Bhumija |a Hindi poetry |a Hindi literature | ||
| 700 | |a Nagarjun | ||
| 942 | |c BK | ||
| 999 | |c 36008 |d 36008 | ||
| 952 | |0 0 |1 0 |4 0 |6 H_891_431000000000000_NAGB |7 0 |8 Stack |9 38100 |a KUCL |b KUCL |c Stack |d 2015-11-18 |l 1 |o H891.431 NAG/B |p 39192 |r 2017-08-09 |s 2017-07-07 |w 2015-11-18 |y BK | ||